Azorín y Baroja, hurgando en sus recuerdos (Record no. 17307)

MARC details
000 -LEADER
campo de control de longitud fija 00988nam a2200253 i 4500
001 - NÚMERO DE CONTROL
campo de control 17307
003 - IDENTIFICADOR DE NÚMERO DE CONTROL
campo de control ES-MaACL
005 - FECHA Y HORA DE LA ÚLTIMA TRANSACCIÓN
campo de control 20230906151540.0
007 - CAMPO FIJO DE DESCRIPCIÓN FÍSICA--INFORMACIÓN GENERAL
campo de control de longitud fija t|
008 - DATOS DE LONGITUD FIJA--INFORMACIÓN GENERAL
campo de control de longitud fija 010126s2000 sp ||||1| spa d
020 ## - NÚMERO INTERNACIONAL ESTÁNDAR DEL LIBRO
Número Internacional Estándar del Libro 84-451-1782-3
080 ## - NÚMERO DE LA CLASIFICACIÓN DECIMAL UNIVERSAL
Número de la Clasificación Decimal Universal 821.134.2-23"19"
100 1# - ENTRADA PRINCIPAL--NOMBRE DE PERSONA
Nombre de persona Fernández García, Jesús.
9 (RLIN) 49809
245 10 - MENCIÓN DEL TÍTULO
Título Azorín y Baroja, hurgando en sus recuerdos
Resto del título : texto dramático basado en las actitudes, ideas y temas del grupo fundamental de la "generación del 98" /
Mención de responsabilidad, etc. Jesús Fernández García.
250 ## - MENCION DE EDICION
Mención de edición 1ª ed.
260 ## - PUBLICACIÓN, DISTRIBUCIÓN, ETC.
Lugar de publicación, distribución, etc. Madrid :
Nombre del editor, distribuidor, etc. Asociación de Autores de Teatro :
-- Consejería de Cultura de la Comunidad de Madrid,
Fecha de publicación, distribución, etc. 2000.
300 ## - DESCRIPCIÓN FÍSICA
Extensión 111 p. ;
Dimensiones 22 cm.
490 1# - MENCIÓN DE SERIE
Mención de serie Damos la palabra. Textos ;
Designación de volumen o secuencia 12
710 2# - ENTRADA AGREGADA--NOMBRE DE ENTIDAD CORPORATIVA
Nombre de entidad corporativa o nombre de jurisdicción como elemento de entrada Asociación de Autores de Teatro.
9 (RLIN) 1565
710 1# - ENTRADA AGREGADA--NOMBRE DE ENTIDAD CORPORATIVA
Nombre de entidad corporativa o nombre de jurisdicción como elemento de entrada Madrid (Comunidad Autónoma).
Unidad subordinada Consejería de Cultura.
9 (RLIN) 5594
830 1# - PUNTO DE ACCESO ADICIONAL DE SERIE-TÍTULO UNIFORME
Título uniforme Damos la palabra. Textos ;
Designación de volumen o secuencia 12
9 (RLIN) 180281
852 ## - LOCALIZACIÓN
Ubicación ES-MaACL
Número de control de estantería L-24164
Holdings
Estatus retirado Estado de pérdida Estado de daño No para préstamo Biblioteca de origen Biblioteca actual Ubicación en estantería Fecha de adquisición Fuente de adquisición Total de préstamos Signatura topográfica completa Código de barras Visto por última vez Precio de reemplazo Tipo de ítem Koha
        Biblioteca del Ateneo de Madrid Biblioteca del Ateneo de Madrid Depósito 2 17/01/2008     L-24164 1017658 23/02/2023 23/02/2023 Libro impreso